| 000 | 02019nam a2200397 c 4500 | ||
|---|---|---|---|
| 001 | 53602 | ||
| 003 | ES-MaCES | ||
| 005 | 20251002133929.0 | ||
| 007 | cr ||||||||||| | ||
| 008 | 250227s2025 sp l o000 | spa d | ||
| 040 |
_aES-MaCES _bspa _cES-MaCES |
||
| 245 | 1 | 0 | _aDictamen 1-2025 sobre el Anteproyecto de Ley para la reducción de la duración máxima de la jornada ordinaria de trabajo, el registro de jornada y el derecho a la desconexión |
| 300 | _a17 p. (139 kb) | ||
| 500 | _aSe solicitó plazo de urgencia de diez días. Con posterioridad, el CES solicitó al Departamento proponente una ampliación del plazo en otros cuatro días hábiles, que se obtuvo mediante comunicación de la Vicepresidenta Segunda del Gobierno y Ministra de Trabajo y Economía Social, recibida el 17 de febrero. | ||
| 593 |
_cRelaciones Laborales, Empleo y Seguridad Social _f20250226 _iD-001-2025 _rOrdinaria _sPleno ordinario _vPresentes (57): (54) sí, (1) no, (2) abst. |
||
| 650 | 4 |
_aordenamiento del tiempo de trabajo _929205 |
|
| 650 | 4 |
_ahoras de trabajo _928335 |
|
| 650 | 4 |
_areducción de la duración del trabajo _929516 |
|
| 650 | 4 |
_acondiciones de trabajo _928327 |
|
| 650 | 4 |
_amecanismo de control _929918 |
|
| 650 | 4 |
_aEstatuto de los Trabajadores _930784 |
|
| 650 | 4 |
_aEspaña _926964 |
|
| 650 | 4 |
_arégimen jurídico _929894 |
|
| 653 | _aRelaciones laborales-Empleo | ||
| 700 | 1 |
_941165 _aUrbano, Magdalena Eva _eponente |
|
| 700 | 1 |
_941353 _aSantos, Rosario Isabel _einterviniente |
|
| 700 | 1 |
_941354 _aVidal, Carmen _einterviniente |
|
| 700 | 1 |
_919537 _aNavarro Villarreal, Eduardo _einterviniente |
|
| 700 | 1 |
_941114 _aEstévez Navarro, Cristina _einterviniente |
|
| 700 | 1 |
_98492 _aBurgos Díaz, Luis _einterviniente |
|
| 700 | 1 |
_96101 _aÁlvarez Alcalde, Juan José _einterviniente |
|
| 710 | 1 |
_939731 _aEspaña _bMinisterio de Trabajo y Economía Social _esolicitante |
|
| 856 | 4 |
_uhttp://www.ces.es/documents/DIC/2025/01 _ytexto completo |
|
| 902 | _aDictamen | ||
| 942 |
_2CES _cDI _h2.0. |
||
| 999 |
_c53602 _d53602 |
||